000 00293 a2200133 4500
001 8590
082 _a915.4 MUF
090 _c6913
_d6913
100 _aMufti Mumtaz
245 _aHind yatra
_cmumtaz mufti
260 _aLahore
_bFerozsons
_c2008
300 _a343 p.
650 _aurdu zabanb
942 _aNUST-CAE
_k915.4 MUF
999 _c243663
_d243663